000 00223nam a2200121Ia 4500
100 _a#N/A
650 _aComputer/ IT
942 _cBK
654 _alinux
245 _aSimply MEPIS 8
260 _b#N/A
546 _aENGLISH
999 _c34013
_d34013